000 00841cam a2200217 4500
001 WB3618-11
008 000000n2000 000 0 eng u
035 _a(Sirsi) u105917
245 _aIndustry still fails to go green
260 _c2000
490 _aBuilding Design
_v(1439) 5 May 2000, 3(1)
520 _aA survey by Kingston University and Drivers Jonas shows that the property industry still considers environmental issues to be problems of the future. The researchers urge government to influence the property market towards sustainable development.
590 _aWB
650 _aPROPERTY SECTOR
650 _aSUSTAINABLE DEVELOPMENT
650 _aENVIRONMENTAL ISSUES
650 _aKINGSTON UNIVERSITY
650 _aDRIVERS JONAS
690 _aENVIRONMENTAL AND LAND CONSULTANCY-ENVIRONMENTAL MANAGEMENT
942 _n0
999 _c63424
_d63424